[Event "Olimpiade 2014 - Open"]
[Site "Tromsø"]
[Date "08.08.2014"]
[Round "6.23"]
[Board "1"]
[White "Lenic, Luka"]
[Black "Haddouche, Mohamed"]
[Result "0-1"]
[WhiteTitle "GM"]
[BlackTitle "GM"]
[WhiteElo "2659"]
[BlackElo "2508"]
[WhiteTeam "Slovenia"]
[BlackTeam "Algeria"]
[WhiteFideId "14603853"]
[BlackFideId "7900660"]
[EventDate "2014.08.02"]

1. d4 d6 2. Nf3 Nf6 3. c4 Nbd7 4. Nc3 e5 5. e4 Be7 6. Be2 O-O 7. O-O c6 8. Re1
a6 9. d5 c5 10. a3 Ne8 11. b4 b6 12. Rb1 g6 13. Bh6 Ng7 14. bxc5 bxc5 15. Qd2
Nf6 16. Qb2 Bd7 17. Qb6 Qxb6 18. Rxb6 Rfb8 19. Reb1 Rxb6 20. Rxb6 Bd8 21. Rb3
Nge8 22. Bd1 Bc7 23. Nd2 Ng4 24. Bg5 f6 25. Bh4 h5 26. h3 Nh6 27. f3 Nf7 28. Bf2
Nd8 29. h4 Ra7 30. Rb1 Rb7 31. Nb3 Rb8 32. Be3 Nf7 33. Kf2 f5 34. Ke2 Nf6 35.
Bc2 Kg7 36. Bd3 Nh6 37. Nxc5 Rxb1 38. Bxb1 dxc5 39. Bxc5 fxe4 40. fxe4 Nf7 41.
Be3 Ba5 42. Kd3 Nd6 43. Bc5 Bxc3 44. Bxd6 Nxe4 45. Kxe4 Bf5+ 46. Kf3 Bxb1 47. c5
Bb2 48. c6 Kf6 49. Bb8 Bc2 50. Bd6 Bd4 51. Bb4 Bb6 52. Bd6 a5 53. g3 Bd3 54. g4
hxg4+ 55. Kxg4 Bc4 56. c7 Ba6 0-1

[Event "Olimpiade 2014 - Open"]
[Site "Tromsø"]
[Date "08.08.2014"]
[Round "6.23"]
[Board "2"]
[White "Bengherabi, Khalil"]
[Black "Beliavsky, Alexander G"]
[Result "0-1"]
[WhiteTitle "FM"]
[BlackTitle "GM"]
[WhiteElo "2170"]
[BlackElo "2618"]
[WhiteTeam "Algeria"]
[BlackTeam "Slovenia"]
[WhiteFideId "7900325"]
[BlackFideId "14602377"]
[EventDate "2014.08.02"]

1. e4 c5 2. Nc3 e6 3. g3 d5 4. d3 dxe4 5. Nxe4 Be7 6. Bg2 Nf6 7. Ne2 Nxe4 8.
Bxe4 O-O 9. O-O Qc7 10. Nc3 Nc6 11. Bf4 Qb6 12. Rb1 Bd7 13. Re1 Rfd8 14. Qh5 g6
15. Qh6 Bf8 16. Qh4 Nd4 17. Be5 Bg7 18. Bxg7 Kxg7 19. Bg2 Re8 20. Ne4 e5 21. c3
Nf5 22. Qg5 h6 23. Qd2 Rad8 24. g4 Nh4 25. Bh1 f5 26. gxf5 gxf5 27. Ng3 f4 28.
Ne4 Bb5 29. c4 Bxc4 30. dxc4 Rxd2 31. Nxd2 Qg6+ 32. Kf1 Qd3+ 33. Kg1 Qxd2 34.
Rbd1 Qxb2 35. Rd7+ Kf6 36. Red1 f3 0-1

[Event "Olimpiade 2014 - Open"]
[Site "Tromsø"]
[Date "08.08.2014"]
[Round "6.23"]
[Board "3"]
[White "Borisek, Jure"]
[Black "Belouadah, Saad"]
[Result "1-0"]
[WhiteTitle "GM"]
[BlackTitle "IM"]
[WhiteElo "2569"]
[BlackElo "2320"]
[WhiteTeam "Slovenia"]
[BlackTeam "Algeria"]
[WhiteFideId "14603152"]
[BlackFideId "7900856"]
[EventDate "2014.08.02"]

1. e4 d6 2. d4 Nf6 3. Nc3 e5 4. Nf3 Nbd7 5. Bc4 Be7 6. O-O O-O 7. a4 c6 8. Re1
b6 9. Bg5 Re8 10. Bxf6 Bxf6 11. d5 c5 12. a5 a6 13. axb6 Nxb6 14. Bf1 Re7 15.
Nd2 Rea7 16. Ra3 Qc7 17. Nb3 Bd7 18. Na5 c4 19. Qe2 Bb5 20. Rea1 Qc5 21. g3 Bg5
22. h4 Bh6 23. Bh3 g6 24. Qf3 Kg7 25. Nxb5 axb5 26. Nc6 Rxa3 27. Rxa3 Na4 28.
Ra2 Rf8 29. Kg2 Qb6 30. b3 cxb3 31. cxb3 Nc5 32. Ra7 b4 33. Re7 Kg8 34. Bd7 f5
35. exf5 e4 36. Qg4 Bg7 37. fxg6 Rxf2+ 38. Kh3 h6 39. Re8+ Rf8 40. Rxf8+ Bxf8
41. Qf5 1-0

[Event "Olimpiade 2014 - Open"]
[Site "Tromsø"]
[Date "08.08.2014"]
[Round "6.23"]
[Board "4"]
[White "Nassr, Ali"]
[Black "Tratar, Marko"]
[Result "1/2-1/2"]
[WhiteTitle "IM"]
[BlackTitle "GM"]
[WhiteElo "2145"]
[BlackElo "2490"]
[WhiteTeam "Algeria"]
[BlackTeam "Slovenia"]
[WhiteFideId "7900520"]
[BlackFideId "14600684"]
[EventDate "2014.08.02"]

1. e4 e6 2. d4 d5 3. Nd2 c5 4. Ngf3 cxd4 5. exd5 Qxd5 6. Bc4 Qd6 7. O-O Nf6 8.
Re1 Nc6 9. Ne4 Qb4 10. Bb3 Bd7 11. Bg5 Nxe4 12. Rxe4 Qa5 13. Bh4 Bc5 14. Ne5
Nxe5 15. Rxe5 Qb6 16. Qg4 Kf8 17. Rd1 h6 18. c3 g5 19. Bg3 Rd8 20. cxd4 Bd6 21.
Ree1 Bxg3 22. Qxg3 Bc6 23. Qe5 Rh7 24. h3 Bd5 25. Re3 Qd6 26. Bxd5 Qxd5 27. Qf6
Rc8 28. a3 Qd8 29. Qf3 Rc6 30. d5 exd5 31. Rxd5 Qf6 32. Qxf6 Rxf6 33. Rb3 b6 34.
Rd7 Kg7 35. Rxa7 Rh8 36. Rf3 Rxf3 37. gxf3 Rd8 38. Rb7 Rd6 39. Kg2 Kg6 40. b4 f6
41. a4 h5 42. a5 bxa5 43. bxa5 Rd1 44. Rb4 Ra1 45. Rb5 Ra4 46. Kf1 Ra3 47. Kg2
Ra4 48. Kf1 Ra3 49. Kg2 1/2-1/2

[Event "Olimpiade 2014 - Open"]
[Site "Tromsø"]
[Date "08.08.2014"]
[Round "6.24"]
[Board "1"]
[White "Stefansson, Hannes"]
[Black "Ziska, Helgi Dam"]
[Result "1-0"]
[WhiteTitle "GM"]
[BlackTitle "IM"]
[WhiteElo "2536"]
[BlackElo "2507"]
[WhiteTeam "Iceland"]
[BlackTeam "Faroe Isles"]
[WhiteFideId "2300087"]
[BlackFideId "7200595"]
[EventDate "2014.08.02"]

1. d4 Nf6 2. c4 g6 3. Nc3 Bg7 4. e4 d6 5. Be2 O-O 6. Bg5 Na6 7. f4 c6 8. Qd2 Nc7
9. Bf3 Ne6 10. Bh4 c5 11. dxc5 Nxc5 12. Rd1 Be6 13. b3 Qc8 14. Nge2 Bg4 15. e5
dxe5 16. fxe5 Bxf3 17. exf6 Qg4 18. fxg7 Rfd8 19. Qxd8+ Rxd8 20. Rxd8+ Kxg7 21.
Bxe7 Bxg2 22. Bf8+ Kf6 23. Nd5+ Kg5 24. h4+ Kh5 25. Nf6# 1-0

[Event "Olimpiade 2014 - Open"]
[Site "Tromsø"]
[Date "08.08.2014"]
[Round "6.24"]
[Board "2"]
[White "Rodgaard, John"]
[Black "Gretarsson, Hjorvar Steinn"]
[Result "1/2-1/2"]
[WhiteTitle "IM"]
[BlackTitle "GM"]
[WhiteElo "2361"]
[BlackElo "2543"]
[WhiteTeam "Faroe Isles"]
[BlackTeam "Iceland"]
[WhiteFideId "7200013"]
[BlackFideId "2302241"]
[EventDate "2014.08.02"]

1. c4 e5 2. Nc3 Bb4 3. Qc2 Ne7 4. a3 Bxc3 5. Qxc3 Nbc6 6. Nf3 e4 7. Nd4 O-O 8.
b4 d5 9. Bb2 f6 10. cxd5 Nxd4 11. Qxd4 Qxd5 12. Qxd5+ Nxd5 13. e3 Be6 14. f3
exf3 15. gxf3 Rfd8 16. Bc4 c6 17. Rc1 Nc7 18. Bxe6+ Nxe6 19. Ke2 a5 20. Rc2 axb4
21. axb4 Ra2 22. Ra1 Rda8 23. Rcc1 Nc7 24. Rxa2 Rxa2 25. Bc3 Nb5 26. Kd3 Kf7 27.
Kc4 Ke6 28. Kc5 Kd7 29. Rg1 g6 30. Kb6 Nd6 31. Ra1 Rxa1 32. Bxa1 Nc4+ 33. Kxb7
Nxd2 34. Bxf6 Nxf3 35. h4 Nd2 36. Bg5 Ne4 37. Kb6 Kd6 38. Bf4+ Kd5 39. Kc7 Nc3
40. Kd7 Na2 41. Bd6 1/2-1/2

[Event "Olimpiade 2014 - Open"]
[Site "Tromsø"]
[Date "08.08.2014"]
[Round "6.24"]
[Board "3"]
[White "Kjartansson, Gudmundur"]
[Black "Berg, Olaf"]
[Result "0-1"]
[WhiteTitle "IM"]
[BlackTitle "FM"]
[WhiteElo "2448"]
[BlackElo "2320"]
[WhiteTeam "Iceland"]
[BlackTeam "Faroe Isles"]
[WhiteFideId "2301318"]
[BlackFideId "7200420"]
[EventDate "2014.08.02"]

1. c4 e6 2. Nf3 d5 3. g3 Nf6 4. Bg2 c6 5. d4 Bb4+ 6. Bd2 Be7 7. O-O O-O 8. Qc2
Nbd7 9. Rd1 b6 10. b3 Bb7 11. a4 Rc8 12. a5 dxc4 13. bxc4 c5 14. d5 exd5 15. Nh4
Ba8 16. cxd5 Nxd5 17. Bxd5 Bxd5 18. Nf5 Bf6 19. Bc3 Be6 20. Ra4 Bxc3 21. Nxc3 c4
22. axb6 axb6 23. Nb5 Qf6 24. Nfd6 Rc5 25. Ne4 Qg6 26. Nd4 Rh5 27. h4 b5 28. Ra7
Rd5 29. Nxe6 Qxe6 30. Ng5 Nf6 31. Rxd5 Qxd5 32. Ra6 Rd8 33. e4 Qd3 34. Qc1 h6
35. e5 Qd1+ 36. Qxd1 Rxd1+ 37. Kg2 hxg5 38. exf6 c3 39. Rc6 b4 40. hxg5 gxf6 41.
gxf6 b3 0-1

[Event "Olimpiade 2014 - Open"]
[Site "Tromsø"]
[Date "08.08.2014"]
[Round "6.24"]
[Board "4"]
[White "Nielsen, Hogni Egilstoft"]
[Black "Olafsson, Helgi"]
[Result "1/2-1/2"]
[BlackTitle "GM"]
[WhiteElo "2256"]
[BlackElo "2555"]
[WhiteTeam "Faroe Isles"]
[BlackTeam "Iceland"]
[WhiteFideId "7200404"]
[BlackFideId "2300010"]
[EventDate "2014.08.02"]

1. e4 e6 2. d4 d5 3. Nd2 a6 4. c3 c5 5. exd5 exd5 6. Bd3 Nc6 7. Qe2+ Be6 8. Ngf3
c4 9. Bf5 Qf6 10. Bxe6 Qxe6 11. Qxe6+ fxe6 12. O-O Nf6 13. Re1 Kd7 14. Ng5 Bd6
15. Nf7 Rhf8 16. Nxd6 Kxd6 17. b3 Kd7 18. bxc4 dxc4 19. Ba3 Rfb8 20. Nxc4 b5 21.
Nd2 Na5 22. Nb3 Nc4 23. Nc5+ Ke7 24. Bc1 Kf7 25. Bg5 Nd5 26. Rxe6 Re8 27. Rxe8
Rxe8 28. Nxa6 Nxc3 29. Kf1 Ra8 30. Nc5 Nxa2 1/2-1/2

[Event "Olimpiade 2014 - Open"]
[Site "Tromsø"]
[Date "08.08.2014"]
[Round "6.25"]
[Board "1"]
[White "Sanches, Romario"]
[Black "Sulskis, Sarunas"]
[Result "0-1"]
[WhiteTitle "CM"]
[BlackTitle "GM"]
[WhiteElo "2083"]
[BlackElo "2544"]
[WhiteTeam "Surinam"]
[BlackTeam "Lithuania"]
[WhiteFideId "8200211"]
[BlackFideId "12800112"]
[EventDate "2014.08.02"]

1. e4 e6 2. d3 c5 3. Nf3 Nc6 4. Nbd2 d6 5. g3 g6 6. Bg2 Bg7 7. O-O Nge7 8. Re1
O-O 9. h4 e5 10. Nf1 f5 11. c3 Kh8 12. h5 f4 13. d4 fxg3 14. fxg3 exd4 15. h6
Bf6 16. Bd2 Ne5 17. N1h2 N7c6 18. cxd4 cxd4 19. Qb3 Qe7 20. Nxe5 Nxe5 21. Bf4
Be6 22. Qa3 Nc4 23. Qb4 a5 24. Qb5 Rac8 25. Rab1 d3 26. Nf3 d2 27. Bxd2 Nxd2 28.
Nxd2 Bd4+ 29. Kh2 Rc5 30. Qd3 Rh5+ 0-1

[Event "Olimpiade 2014 - Open"]
[Site "Tromsø"]
[Date "08.08.2014"]
[Round "6.25"]
[Board "2"]
[White "Laurusas, Tomas"]
[Black "Matoewi, Roger"]
[Result "1-0"]
[WhiteTitle "IM"]
[BlackTitle "FM"]
[WhiteElo "2435"]
[BlackElo "2121"]
[WhiteTeam "Lithuania"]
[BlackTeam "Surinam"]
[WhiteFideId "12803731"]
[BlackFideId "8200084"]
[EventDate "2014.08.02"]

1. c4 Nf6 2. d4 c5 3. d5 b5 4. cxb5 a6 5. bxa6 g6 6. Nc3 Bxa6 7. Nf3 Bg7 8. g3
O-O 9. Bg2 d6 10. O-O Nfd7 11. Bd2 Nb6 12. b3 N8d7 13. a4 Ra7 14. Rb1 Qa8 15.
Ng5 Nf6 16. Bc1 Rb8 17. Re1 Nbd7 18. Ne6 fxe6 19. dxe6 Bb7 20. Bxb7 Qxb7 21.
exd7 Qxd7 22. Nb5 Rab7 23. Bb2 Qf5 24. Bxf6 Bxf6 25. e4 Qh3 26. Qd5+ Kg7 27.
Rbd1 h5 28. Qc4 h4 29. Qf1 Qe6 30. Rd5 Rh8 31. Qg2 hxg3 32. hxg3 c4 33. e5 dxe5
34. bxc4 Ra8 35. Rdxe5 Qc8 36. Nd6 exd6 37. Re8 Rb1 38. Rxc8 Rxe1+ 39. Kh2 Rxc8
40. Qb7+ Re7 41. Qxc8 Bd4 42. Qd8 Re6 43. a5 Rf6 44. f4 Bc5 45. Kg2 Rf8 46. Qc7+
Rf7 47. Qc6 Re7 48. a6 Kh6 49. Qc8 Kg7 50. g4 Re2+ 51. Kg3 Re3+ 52. Kh4 Re7 53.
Kg5 Bd4 54. f5 Be3+ 55. Kh4 Bf2+ 56. Kh3 Bc5 57. g5 Re3+ 58. Kg4 gxf5+ 59. Qxf5
Re8 60. Qd7+ Kf8 61. g6 1-0

[Event "Olimpiade 2014 - Open"]
[Site "Tromsø"]
[Date "08.08.2014"]
[Round "6.25"]
[Board "3"]
[White "Gajadin, Dewperkash"]
[Black "Beinoras, Mindaugas"]
[Result "1/2-1/2"]
[WhiteTitle "FM"]
[BlackTitle "IM"]
[WhiteElo "2087"]
[BlackElo "2402"]
[WhiteTeam "Surinam"]
[BlackTeam "Lithuania"]
[WhiteFideId "8200041"]
[BlackFideId "12802085"]
[EventDate "2014.08.02"]

1. e4 d6 2. d4 Nf6 3. Nc3 c6 4. f4 Qa5 5. Bd3 e5 6. Nf3 Bg4 7. dxe5 dxe5 8. h3
Bxf3 9. Qxf3 Nbd7 10. O-O exf4 11. Bxf4 Ne5 12. Qe2 Nfd7 13. Kh1 g6 14. Nd1 Bg7
15. Ne3 O-O 16. Ng4 Nxg4 17. Qxg4 Ne5 18. Qg5 h6 19. Qg3 Rad8 20. b4 Qc7 21.
Rab1 Qe7 22. Qe3 Kh7 23. Be2 b6 24. a3 Qe6 25. Rbd1 Rfe8 26. Bxe5 Bxe5 27. Qf3
Kg7 28. Qg4 Qe7 29. Rxd8 Rxd8 30. Bc4 f6 31. Rd1 Rxd1+ 32. Qxd1 h5 33. Qf3 b5
34. Be2 h4 35. Kg1 Qd6 36. Qd3 Bd4+ 37. Kf1 Qe5 38. Bf3 Kf8 39. c4 a6 40. cxb5
axb5 41. Qd2 g5 42. Qd3 Ke7 43. Ke2 Bb6 44. Bg4 Qb2+ 45. Kd1 Bd4 46. e5 Qa1+ 47.
Ke2 Qa2+ 48. Kd1 Qa1+ 49. Ke2 Qa2+ 1/2-1/2

[Event "Olimpiade 2014 - Open"]
[Site "Tromsø"]
[Date "08.08.2014"]
[Round "6.25"]
[Board "4"]
[White "Pileckis, Emilis"]
[Black "Hanoeman, Suradj"]
[Result "1-0"]
[WhiteTitle "IM"]
[BlackTitle "CM"]
[WhiteElo "2447"]
[BlackElo "2024"]
[WhiteTeam "Lithuania"]
[BlackTeam "Surinam"]
[WhiteFideId "12802476"]
[BlackFideId "8200173"]
[EventDate "2014.08.02"]

1. Nf3 c5 2. c4 Nc6 3. d4 cxd4 4. Nxd4 Nf6 5. Nc3 e6 6. a3 Bc5 7. Nb3 Be7 8. g3
b6 9. Bg2 Bb7 10. O-O O-O 11. Bf4 a6 12. Qd3 d6 13. Rfd1 Qc8 14. Qe3 e5 15. Bg5
Ng4 16. Qd2 Qf5 17. Be3 b5 18. Nd5 Bd8 19. Rac1 Nd4 20. Nxd4 exd4 21. Bxd4 bxc4
22. h3 Qe6 23. Nf4 1-0

[Event "Olimpiade 2014 - Open"]
[Site "Tromsø"]
[Date "08.08.2014"]
[Round "6.26"]
[Board "1"]
[White "Vallejo Pons, Francisco"]
[Black "Jere, Daniel"]
[Result "1-0"]
[WhiteTitle "GM"]
[BlackTitle "IM"]
[WhiteElo "2698"]
[BlackElo "2405"]
[WhiteTeam "Spain"]
[BlackTeam "Zambia"]
[WhiteFideId "2205530"]
[BlackFideId "8700249"]
[EventDate "2014.08.02"]

1. e4 c5 2. Nf3 Nc6 3. Bb5 g6 4. Bxc6 bxc6 5. O-O Bg7 6. Re1 e5 7. c3 Ne7 8. d4
cxd4 9. cxd4 exd4 10. Nxd4 O-O 11. Nc3 Re8 12. Bf4 Bb7 13. Nb3 d5 14. Nc5 Bc8
15. Qf3 Be6 16. Qg3 dxe4 17. Nxe6 fxe6 18. Rxe4 Nf5 19. Qg4 Qb6 20. Na4 Qb5 21.
Rae1 Rad8 22. b3 Rd4 23. Be3 Rxe4 24. Qxe4 a5 25. Bc5 Bf8 26. Rc1 Bxc5 27. Rxc5
Qb4 28. Qxb4 axb4 29. Rxc6 Rd8 30. g3 Rd1+ 31. Kg2 Rd2 32. Rxe6 Rxa2 33. Re4 Rd2
34. h4 Kf7 35. Rxb4 h5 36. Re4 Nh6 37. Nc3 Ng4 38. Re2 Rd3 39. Rc2 Ne5 40. b4
Nf3 41. Rc1 Nd4 42. Rd1 Rxd1 43. Nxd1 Ke6 44. Nc3 Nc2 45. b5 Nd4 46. b6 Kd6 47.
b7 Nc6 48. Nb5+ Kc5 49. Na7 Nb8 50. Nc8 Kc6 51. Ne7+ Kxb7 52. Nxg6 Nd7 53. Kf3
Nf6 54. Kf4 Kc6 55. Kf5 Ng4 56. Ne5+ 1-0

[Event "Olimpiade 2014 - Open"]
[Site "Tromsø"]
[Date "08.08.2014"]
[Round "6.26"]
[Board "2"]
[White "Mwali, Chitumbo"]
[Black "Anton Guijarro, David"]
[Result "0-1"]
[WhiteTitle "IM"]
[BlackTitle "GM"]
[WhiteElo "2250"]
[BlackElo "2624"]
[WhiteTeam "Zambia"]
[BlackTeam "Spain"]
[WhiteFideId "8700265"]
[BlackFideId "2285525"]
[EventDate "2014.08.02"]

1. c4 e5 2. g3 Nc6 3. Bg2 Bc5 4. Nc3 d6 5. a3 a6 6. e3 Ba7 7. Nge2 h5 8. h4 Bg4
9. b3 Nge7 10. Bb2 Rb8 11. Qc2 Qd7 12. d3 O-O 13. Rc1 Nd8 14. O-O Ne6 15. Ne4 f5
16. Ng5 Nxg5 17. hxg5 h4 18. d4 f4 19. exf4 hxg3 20. fxg3 c6 21. c5 Nd5 22. Qd2
Rbe8 23. fxe5 Rxf1+ 24. Bxf1 dxe5 25. dxe5 b6 26. b4 bxc5 27. bxc5 Qe7 28. Bg2
Rd8 29. Qc2 Qxg5 30. Nd4 Rf8 31. Qb3 Rb8 32. Bxd5+ cxd5 33. Qxd5+ Kh8 34. Qh1+
Bh5 35. Qg2 Qxe5 36. Nc6 Qe3+ 37. Kh2 Bf3 38. Qh3+ Kg8 39. Bd4 Rb2+ 0-1

[Event "Olimpiade 2014 - Open"]
[Site "Tromsø"]
[Date "08.08.2014"]
[Round "6.26"]
[Board "3"]
[White "Salgado Lopez, Ivan"]
[Black "Phiri, Richmond"]
[Result "1-0"]
[WhiteTitle "GM"]
[BlackTitle "FM"]
[WhiteElo "2620"]
[BlackElo "2121"]
[WhiteTeam "Spain"]
[BlackTeam "Zambia"]
[WhiteFideId "2257327"]
[BlackFideId "8700443"]
[EventDate "2014.08.02"]

1. e4 c5 2. Nf3 e6 3. c3 d5 4. exd5 exd5 5. d4 Nf6 6. Bb5+ Bd7 7. Bxd7+ Nbxd7 8.
O-O Be7 9. dxc5 Nxc5 10. Be3 O-O 11. Nbd2 Re8 12. Nb3 Nce4 13. h3 Bd6 14. Qd3
Qd7 15. Rfe1 b5 16. Nbd4 Rab8 17. a3 a5 18. Nb3 b4 19. cxb4 axb4 20. a4 Rec8 21.
a5 Nc5 22. Nxc5 Bxc5 23. a6 Bxe3 24. Qxe3 Ra8 25. Ra5 Qd6 26. a7 h6 27. Rea1 Re8
28. Qd4 Re4 29. Qc5 Qxc5 30. Rxc5 Re7 31. Rca5 Rb7 32. Nd4 g6 33. Nb5 Ne8 34.
Rc1 Kf8 35. Rc5 Rd7 36. Kf1 Ke7 37. Ke2 Kd8 38. Ra6 Rb7 39. Rxd5+ Ke7 40. Rc5
Kd7 41. Kd3 Nc7 42. Rd6+ Ke7 43. Rxc7+ Rxc7 44. Nxc7 Rxa7 45. Nb5 1-0

[Event "Olimpiade 2014 - Open"]
[Site "Tromsø"]
[Date "08.08.2014"]
[Round "6.26"]
[Board "4"]
[White "Chumfwa, Kelvin"]
[Black "Vazquez Igarza, Renier"]
[Result "0-1"]
[WhiteTitle "FM"]
[BlackTitle "GM"]
[WhiteElo "2193"]
[BlackElo "2603"]
[WhiteTeam "Zambia"]
[BlackTeam "Spain"]
[WhiteFideId "8700435"]
[BlackFideId "3503054"]
[EventDate "2014.08.02"]

1. c4 Nf6 2. g3 e5 3. Bg2 h6 4. Nc3 Bb4 5. d3 O-O 6. Bd2 Re8 7. e4 c6 8. a3 Bxc3
9. Bxc3 d5 10. Qc2 dxe4 11. dxe4 c5 12. Rd1 Qc7 13. Ne2 Nc6 14. h3 Nd4 15. Bxd4
cxd4 16. O-O Be6 17. f4 Bxc4 18. Rf2 Rac8 19. Qd2 Nd7 20. fxe5 d3 21. Nc3 Qxe5
22. Kh2 Nc5 23. Re1 Nb3 24. Qe3 b6 25. Rd1 Rcd8 26. Qf4 Nc5 27. Qh4 Qg5 28. Qxg5
hxg5 29. Rf5 Bb3 30. Rdf1 d2 31. Bf3 f6 32. Nd5 Nxe4 0-1

[Event "Olimpiade 2014 - Open"]
[Site "Tromsø"]
[Date "08.08.2014"]
[Round "6.27"]
[Board "1"]
[White "Grandelius, Nils"]
[Black "Ladva, Ottomar"]
[Result "1/2-1/2"]
[WhiteTitle "GM"]
[BlackTitle "FM"]
[WhiteElo "2571"]
[BlackElo "2387"]
[WhiteTeam "Sweden"]
[BlackTeam "Estonia"]
[WhiteFideId "1710400"]
[BlackFideId "4500024"]
[EventDate "2014.08.02"]

1. e4 c5 2. Nf3 e6 3. d4 cxd4 4. Nxd4 Nc6 5. Nc3 a6 6. Nxc6 bxc6 7. Bd3 d5 8.
O-O Nf6 9. Qf3 Be7 10. e5 Nd7 11. Qg3 g6 12. Bh6 Rb8 13. b3 Qc7 14. Na4 f5 15.
exf6 Qxg3 16. fxg3 Bxf6 17. Rae1 Ke7 18. Be3 Bg7 19. Nc5 Kd6 20. Nxd7 Bxd7 21.
Rf7 Bc3 22. Ref1 a5 23. h4 Rbe8 24. g4 e5 25. g5 e4 26. Be2 Be5 27. Bb6 h6 28.
c4 Bf5 29. g4 Bd7 30. cxd5 cxd5 31. gxh6 Rxh6 32. Rxd7+ Kxd7 33. Bb5+ Ke7 34.
Bc5+ Bd6 35. Bxd6+ Kxd6 36. Bxe8 Rxh4 37. Kf2 Rxg4 38. Rc1 d4 39. Rc6+ Kd5 40.
Ra6 Rf4+ 41. Kg3 Rf3+ 42. Kg2 d3 43. Rxa5+ Kd4 44. Ra4+ Kc3 45. Rc4+ Kb2 46.
Rxe4 Rf8 47. Ba4 Rd8 48. b4 d2 49. Bd1 Kxa2 50. Kf2 Rb8 51. Ke2 Ka3 52. Re3+ Kb2
53. Rb3+ Kc1 54. Rc3+ Kb2 55. Rc4 Ka3 56. Kxd2 Rxb4 57. Rc6 Kb2 58. Bc2 g5 59.
Bd3 g4 60. Rc1 g3 61. Rb1+ Ka3 62. Rg1 g2 63. Bc2 Rb8 64. Rxg2 Rd8+ 65. Bd3 Kb4
66. Rg4+ Kc5 67. Kc3 Rh8 68. Rg5+ Kd6 69. Kd4 Rh6 70. Ra5 Kc7 71. Ra7+ Kb8 72.
Rd7 Rc6 73. Be4 Rc7 74. Rd6 Rc1 75. Rb6+ Kc7 76. Rb7+ Kc8 77. Ke5 Rc7 78. Rb1
Re7+ 79. Kd5 Kc7 80. Rb4 Rd7+ 81. Kc5 Re7 82. Bd5 Kd8 83. Rb8+ Kc7 84. Ra8 Rd7
85. Be6 Re7 86. Ra6 Kb7 87. Rb6+ Kc7 88. Bd5 Kd8 89. Bc6 Kc7 90. Ra6 Re5+ 91.
Bd5 Re7 92. Be6 Kd8 93. Kd6 Rd7+ 94. Ke5 Rb7 95. Rc6 Rc7 96. Rd6+ Ke7 97. Bd5
Rd7 98. Rh6 Kd8 99. Rh8+ Ke7 100. Be6 Rc7 101. Rh2 Rc5+ 102. Bd5 Rc7 103. Rf2
Kd8 104. Be6 Ke7 105. Ra2 Rc5+ 106. Bd5 Rc7 107. Rb2 Rd7 108. Rb7 Rxb7 109. Bxb7 1/2-1/2

[Event "Olimpiade 2014 - Open"]
[Site "Tromsø"]
[Date "08.08.2014"]
[Round "6.27"]
[Board "2"]
[White "Seeman, Tarvo"]
[Black "Hillarp Persson, Tiger"]
[Result "1-0"]
[WhiteTitle "IM"]
[BlackTitle "GM"]
[WhiteElo "2392"]
[BlackElo "2549"]
[WhiteTeam "Estonia"]
[BlackTeam "Sweden"]
[WhiteFideId "4500547"]
[BlackFideId "1700812"]
[EventDate "2014.08.02"]

1. Nf3 d6 2. d4 g6 3. g3 Bg7 4. Bg2 Nd7 5. O-O e5 6. dxe5 dxe5 7. Nc3 Ngf6 8.
Nd2 Nb6 9. a4 a5 10. Nde4 Nfd7 11. Nb5 O-O 12. b3 c6 13. Nbd6 f5 14. Nxc8 Qxc8
15. Nd6 Qc7 16. Ba3 e4 17. c4 Rad8 18. Ra2 Bc3 19. g4 Bb4 20. Bxb4 axb4 21. gxf5
Nc5 22. Rd2 gxf5 23. Nxf5 Nbd7 24. Nh6+ Kg7 25. Ng4 h5 26. Ne3 Nf6 27. Bh3 Kf7
28. Kh1 Rxd2 29. Qxd2 Nxb3 30. Qxb4 Nd4 31. c5 Rd8 32. Rg1 Kf8 33. Qb2 Qe7 34.
a5 Qxc5 35. Qxb7 Qe7 36. Qb2 c5 37. a6 Qa7 38. Qa2 Rd6 39. Bc8 Rd8 40. Bh3 Ra8
41. Qc4 Rd8 42. Rg5 Rd6 43. Bc8 Rc6 44. Bb7 Rc7 45. Rg6 Rf7 46. Bd5 Nxd5 47.
Qxd5 Qc7 1-0

[Event "Olimpiade 2014 - Open"]
[Site "Tromsø"]
[Date "08.08.2014"]
[Round "6.27"]
[Board "3"]
[White "Tikkanen, Hans"]
[Black "Krupenski, Juri"]
[Result "1-0"]
[WhiteTitle "GM"]
[BlackTitle "FM"]
[WhiteElo "2559"]
[BlackElo "2277"]
[WhiteTeam "Sweden"]
[BlackTeam "Estonia"]
[WhiteFideId "1706446"]
[BlackFideId "4501101"]
[EventDate "2014.08.02"]

1. c4 Nf6 2. Nc3 c5 3. Nf3 e6 4. e3 Nc6 5. d4 d5 6. a3 a6 7. h3 h6 8. dxc5 Bxc5
9. b4 Bd6 10. cxd5 exd5 11. Bd3 O-O 12. Bb2 Qe7 13. Ne2 Ne4 14. O-O Rd8 15. Nf4
Bc7 16. Qe2 Ng5 17. Rfd1 Nxf3+ 18. Qxf3 Ne5 19. Qg3 g5 20. Rac1 Nc6 21. h4 Be5
22. Bxe5 Qxe5 23. Bb1 Be6 24. Ba2 Ne7 25. hxg5 hxg5 26. Nxe6 Qxg3 27. fxg3 fxe6
28. Rc7 Nf5 29. e4 Nd6 30. exd5 e5 31. Re7 Rac8 32. Rxe5 Rc2 33. Rxg5+ Kh8 34.
Rd4 Rc1+ 35. Kh2 Rd7 36. Rh4+ Rh7 37. Rg6 Ne4 38. d6 Rxh4+ 39. gxh4 Rd1 40. Rg8+
Kh7 41. Rd8 Nxd6 42. Be6 Kg6 43. Bc8 Rd4 44. g3 Kf6 45. Bxb7 1-0

[Event "Olimpiade 2014 - Open"]
[Site "Tromsø"]
[Date "08.08.2014"]
[Round "6.27"]
[Board "4"]
[White "Jezov, Roman"]
[Black "Berg, Emanuel"]
[Result "0-1"]
[BlackTitle "GM"]
[WhiteElo "2239"]
[BlackElo "2554"]
[WhiteTeam "Estonia"]
[BlackTeam "Sweden"]
[WhiteFideId "4502078"]
[BlackFideId "1704060"]
[EventDate "2014.08.02"]

1. e4 c5 2. c4 g6 3. g3 Bg7 4. Bg2 Nc6 5. Nc3 d6 6. d3 Nf6 7. Nge2 O-O 8. O-O
Rb8 9. a3 Ne8 10. Rb1 Nc7 11. Be3 b5 12. cxb5 Nxb5 13. Nxb5 Rxb5 14. d4 cxd4 15.
Nxd4 Nxd4 16. Bxd4 a5 17. b4 axb4 18. axb4 Bg4 19. Qd3 Qb8 20. Ba7 Qb7 21. Rfc1
Rxb4 22. e5 Rxb1 23. Bxb7 Rxc1+ 24. Kg2 Bxe5 25. h3 Rc7 26. hxg4 Rxb7 27. Be3
Bf6 28. Qe4 Rd7 29. g5 Bg7 30. Bb6 d5 31. Qa4 Rb7 32. Qc6 Rbb8 33. Ba7 Ra8 34.
Bc5 Rfc8 35. Qb6 e6 36. Be7 h6 37. gxh6 Bxh6 38. g4 Ra4 39. Kg3 Rc3+ 0-1

[Event "Olimpiade 2014 - Open"]
[Site "Tromsø"]
[Date "08.08.2014"]
[Round "6.28"]
[Board "1"]
[White "Guevara, Carlos"]
[Black "Lodhi, Mahmood"]
[Result "0-1"]
[BlackTitle "IM"]
[WhiteElo "2218"]
[BlackElo "2335"]
[WhiteTeam "Nicaragua"]
[BlackTeam "Pakistan"]
[WhiteFideId "6100252"]
[BlackFideId "7800010"]
[EventDate "2014.08.02"]

1. d4 d5 2. Nf3 Nf6 3. c4 c6 4. e3 Bf5 5. Qb3 Qb6 6. Nbd2 e6 7. c5 Qc7 8. Be2
Nbd7 9. Qa4 Be7 10. h3 h6 11. O-O O-O 12. b4 b5 13. Qa5 Qc8 14. Nb3 Ne4 15. Qa3
f6 16. Na5 Nb6 17. Bd2 Qd7 18. Be1 Bd8 19. Qc1 Nc4 20. Nb3 Bc7 21. a4 a6 22. Ra2
Bh7 23. Qa1 Qc8 24. h4 g5 25. hxg5 hxg5 26. Nfd2 Kg7 27. Bf3 Nexd2 28. Bxd2 Bd3
29. Re1 Rh8 30. Be2 Rh1+ 0-1